Transformácia slovenskej ekonomiky a otázky jej zapojenia do Európskej únie zborník príspevkov z medzinárodnej vedeckej konferencie Národohospodárskej fakulty Ekonomickej univerzity v Bratislave

Na minha lista:
Detalhes bibliográficos
Corporate Authors: Medzinárodná vedecká konferencia Národohospodárskej fakulty EU v Bratislave, Ekonomická univerzita v Bratislave. Národohospodárska fakulta
Outros Autores: Hontyová, Kajetána, Sivák, Rudolf, 1955-, Pupala, Ladislav
Formato: Livro
Idioma:eslovaco
russo
polonês
tcheco
alemão
inglês
Publicado em: Bratislava Vydavateľstvo EKONÓM 2000
Assuntos:
Tags: Adicionar Tag
Sem tags, seja o primeiro a adicionar uma tag!

MARC

LEADER 00000nam$a2200000$$$4500
001 0020113
005 20240502071410.6
020 |a 80-225-1261-3 
041 0 |a slo 
041 0 |a rus 
041 0 |a pol 
041 0 |a cze 
041 0 |a ger 
041 0 |a eng 
044 |a SK 
245 1 0 |a Transformácia slovenskej ekonomiky a otázky jej zapojenia do Európskej únie  |b zborník príspevkov z medzinárodnej vedeckej konferencie Národohospodárskej fakulty Ekonomickej univerzity v Bratislave  |c ed. Kajetana Hontyová, Rudolf Sivák, Ladislav Pupala 
264 1 |a Bratislava  |b Vydavateľstvo EKONÓM  |c 2000 
300 |a 424 s. 
610 2 0 |a integrácia ekonomická medzinárodná 
610 2 0 |a Slovensko 
610 2 0 |a transformácia 
610 2 0 |a Európska únia 
610 2 0 |a hospodárstvo trhové 
610 2 0 |a sektory hospodárske 
610 2 0 |a politika hospodárska 
610 2 0 |a reformy štruktúrne 
610 2 0 |a porovnanie medzinárodné 
610 2 0 |a Poľsko 
610 2 0 |a Rusko 
610 2 0 |a Česko 
700 1 |a Hontyová, Kajetána 
700 1 |a Sivák, Rudolf, 1955- 
700 1 |a Pupala, Ladislav 
110 2 |a Medzinárodná vedecká konferencia Národohospodárskej fakulty EU v Bratislave 
710 2 |a Ekonomická univerzita v Bratislave. Národohospodárska fakulta